Statistics for Aircraft Manufactures Logo Quiz

Click here to take the quiz!

General Stats

  • This quiz has been taken 88 times
  • The average score is 4 of 7

Answer Stats

Answer% Correct
Boeing
95%
Airbus
86%
Cessna
86%
Cirrus
37%
Tupoloev
31%
Sukhoi
23%
Diamond
15%

Score Distribution

Percentile by Number Answered

Percent of People with Each Score

Your Score History

You have not taken this quiz